[Event "Gelsenkirchen Silvester op 2nd"]
[Site "Gelsenkirchen"]
[Date "2014.12.27"]
[Round "2"]
[White "Stieglitz, Gotthard"]
[Black "Pfennig, Konstantin"]
[Result "1/2-1/2"]
[WhiteElo "1525"]
[BlackElo "868"]
[PlyCount "53"]
[EventDate "2014.12.27"]
[EventType "swiss"]
[EventRounds "5"]
[EventCountry "GER"]
[SourceTitle "EXT 2019"]
[Source "ChessBase"]
[SourceDate "2018.10.10"]
[SourceVersion "1"]
[SourceVersionDate "2018.10.10"]
[SourceQuality "1"]

1. d4 d5 2. Nf3 Nf6 3. h3 Nc6 4. Bf4 e6 5. e3 Bd6 6. Ne5 Bxe5 7. dxe5 Nd7 8. Bb5 0-0 9. 0-0 Ndxe5 10. Qh5 Qf6 11. Bxc6 Nxc6 12. c3 e5 13. Bg3 Re8 14. Nd2 Qg6 15. Qd1 f6 16. Qb3 Rd8 17. a4 b6 18. Rad1 Be6 19. Qb5 Qe8 20. c4 Na5 21. cxd5 Qxb5 22. axb5 Rxd5 23. b4 Nb3 24. Nxb3 Rxd1 25. Rxd1 Bxb3 26. Rd7 Rc8 27. f4 1/2-1/2

[Event "Hessen-ch Seniors op 05th"]
[Site "Bad Sooden-Allendorf"]
[Date "2009.04.30"]
[Round "6"]
[White "Stieglitz, Gotthard"]
[Black "Maczollek, Helmut"]
[Result "1/2-1/2"]
[WhiteElo "1249"]
[BlackElo "1329"]
[PlyCount "55"]
[EventDate "2009.04.25"]
[EventType "swiss"]
[EventRounds "9"]
[EventCountry "GER"]
[SourceTitle "EXT 2022"]
[Source "ChessBase"]
[SourceDate "2021.10.06"]
[SourceVersion "1"]
[SourceVersionDate "2021.10.06"]
[SourceQuality "1"]

1. d4 d5 2. Nf3 Nf6 3. Bf4 e6 4. e3 c5 5. Be2 Nc6 6. 0-0 Bd6 7. Ne5 Qc7 8. Bb5 Bd7 9. Nxd7 Nxd7 10. Bxd6 Qxd6 11. c3 0-0 12. Nd2 Rac8 13. Rc1 Nf6 14. Qf3 a6 15. Be2 Rfe8 16. Rfd1 c4 17. e4 dxe4 18. Nxe4 Nxe4 19. Qxe4 b5 20. Bf3 Ne7 21. Qe5 Qxe5 22. dxe5 Nc6 23. Rd6 Nxe5 24. Bb7 Rcd8 25. Rxa6 Rd2 26. b4 Red8 27. f4 Ng4 28. Bf3 1/2-1/2

[Event "Hessen-ch Seniors op 05th"]
[Site "Bad Sooden-Allendorf"]
[Date "2009.04.29"]
[Round "5"]
[White "Stieglitz, Gotthard"]
[Black "Wahl, Hedi"]
[Result "1/2-1/2"]
[WhiteElo "1249"]
[BlackElo "1289"]
[PlyCount "71"]
[EventDate "2009.04.25"]
[EventType "swiss"]
[EventRounds "9"]
[EventCountry "GER"]
[SourceTitle "EXT 2022"]
[Source "ChessBase"]
[SourceDate "2021.10.06"]
[SourceVersion "1"]
[SourceVersionDate "2021.10.06"]
[SourceQuality "1"]

1. d4 g6 2. Nf3 d6 3. Bf4 Bg7 4. Nbd2 e6 5. e3 Nd7 6. Be2 Ne7 7. h3 Rb8 8. c4 b6 9. 0-0 Bb7 10. Rc1 0-0 11. b3 Nc6 12. d5 exd5 13. cxd5 Nce5 14. e4 Rc8 15. Nc4 Re8 16. Re1 Nxc4 17. Rxc4 a6 18. Qb1 Nc5 19. b4 Nd7 20. Bg5 f6 21. Bf4 b5 22. Rcc1 Nb6 23. Nd4 Qe7 24. Ne6 c6 25. Bg4 cxd5 26. Nxg7 Rxc1 27. Rxc1 Kxg7 28. exd5 Nc4 29. Be6 Bc8 30. Re1 Nb6 31. Qd1 Bb7 32. Re3 Qd8 33. Qd4 h6 34. Rf3 Nc4 35. a4 Qb6 36. Bxh6+ 1/2-1/2

[Event "Hessen-ch Seniors op 05th"]
[Site "Bad Sooden-Allendorf"]
[Date "2009.04.27"]
[Round "3"]
[White "Stieglitz, Gotthard"]
[Black "Janzen, Christian"]
[Result "0-1"]
[WhiteElo "1249"]
[BlackElo "1582"]
[PlyCount "120"]
[EventDate "2009.04.25"]
[EventType "swiss"]
[EventRounds "9"]
[EventCountry "GER"]
[SourceTitle "EXT 2022"]
[Source "ChessBase"]
[SourceDate "2021.10.06"]
[SourceVersion "1"]
[SourceVersionDate "2021.10.06"]
[SourceQuality "1"]

1. d4 d5 2. Nf3 e6 3. Bf4 Bd6 4. Bg5 Nf6 5. Nbd2 Nbd7 6. c4 h6 7. c5 hxg5 8. cxd6 cxd6 9. Nxg5 e5 10. e4 exd4 11. exd5 Nxd5 12. Nde4 Qa5+ 13. Qd2 Qxd2+ 14. Kxd2 Rh6 15. Bc4 N7b6 16. Bb5+ Kf8 17. Rac1 a6 18. Bc4 f5 19. Ng3 Bd7 20. Bxd5 Nxd5 21. Kd3 Nb4+ 22. Kxd4 Nc6+ 23. Kc3 Re8 24. b3 Ne5 25. h3 Rg6 26. f4 Nc6 27. Rhe1 Ne7 28. Kb2 Nd5 29. Rxe8+ Kxe8 30. Re1+ Kd8 31. Re2 Nxf4 32. Nf7+ Kc7 33. Rc2+ Kb6 34. Rc3 Nxg2 35. Rd3 Nf4 36. Rxd6+ Rxd6 37. Nxd6 Nxh3 38. Ngxf5 Kc6 39. Nxb7 Bxf5 40. Na5+ Kc7 41. Nc4 Be4 42. Kc3 g5 43. Kd4 Bc6 44. Ne5 Nf4 45. Nxc6 Kxc6 46. Ke4 Kc5 47. Kf5 Ne6 48. a3 a5 49. b4+ axb4 50. axb4+ Kxb4 51. Kg4 Kc5 52. Kf5 Kd5 53. Kg4 Ke4 54. Kg3 Kf5 55. Kf3 g4+ 56. Kg3 Ng5 57. Kg2 Kf4 58. Kf2 Ne4+ 59. Kg2 g3 60. Kg1 Kf3 0-1

[Event "Hessen-ch Seniors op 02nd"]
[Site "Bad Sooden-Allendorf"]
[Date "2006.05.02"]
[Round "8"]
[White "Bungter, Hans"]
[Black "Stieglitz, Gotthard"]
[Result "1-0"]
[WhiteElo "1643"]
[BlackElo "1427"]
[PlyCount "84"]
[EventDate "2006.04.25"]
[EventType "swiss"]
[EventRounds "9"]
[EventCountry "GER"]
[SourceTitle "EXT 2007"]
[Source "ChessBase"]
[SourceDate "2006.11.23"]
[SourceVersion "1"]
[SourceVersionDate "2006.11.23"]
[SourceQuality "1"]

1. e4 b6 2. d4 Bb7 3. Bd3 e6 4. Nf3 Be7 5. 0-0 Nf6 6. Re1 d6 7. Nbd2 0-0 8. Nf1 c5 9. Bg5 Nbd7 10. Ng3 cxd4 11. Nxd4 Nc5 12. f4 Nxd3 13. Qxd3 Qd7 14. Rad1 a5 15. Qb5 Qc8 16. Qxb6 Nd7 17. Qb3 Bxg5 18. fxg5 Rb8 19. Qa3 Qc7 20. c3 Ne5 21. Qa4 Qb6 22. Qc2 Ng6 23. Kh1 Qc5 24. Qd2 Rfd8 25. Nf3 Qb6 26. Nh5 d5 27. e5 Ba8 28. Rb1 Qc5 29. Ng3 Qc4 30. a3 a4 31. Ne2 Qg4 32. h3 Qc4 33. Ned4 Rd7 34. h4 Rdb7 35. h5 Ne7 36. h6 Qa2 37. Qc2 Rxb2 38. Rxb2 Qxb2 39. Qxa4 Qxc3 40. Qa7 Re8 41. Nb5 Nc6 42. Qd7 Rd8 1-0

[Event "Hessen-ch Seniors op 02nd"]
[Site "Bad Sooden-Allendorf"]
[Date "2006.04.29"]
[Round "5"]
[White "Stieglitz, Gotthard"]
[Black "Ludwig, Egbert"]
[Result "1-0"]
[WhiteElo "1427"]
[BlackElo "1179"]
[PlyCount "65"]
[EventDate "2006.04.25"]
[EventType "swiss"]
[EventRounds "9"]
[EventCountry "GER"]
[SourceTitle "EXT 2007"]
[Source "ChessBase"]
[SourceDate "2006.11.23"]
[SourceVersion "1"]
[SourceVersionDate "2006.11.23"]
[SourceQuality "1"]

1. d4 e6 2. Nf3 d5 3. Bf4 c5 4. e3 Qb6 5. b3 Nc6 6. Be2 cxd4 7. exd4 Nf6 8. 0-0 Be7 9. Ne5 0-0 10. Nxc6 bxc6 11. Nc3 c5 12. Na4 Qc6 13. Bf3 cxd4 14. Be5 Ba6 15. Be2 d3 16. Bxd3 Bxd3 17. cxd3 Nd7 18. Rc1 Qa6 19. Bg3 Rac8 20. Qe2 Ba3 21. Rc7 Bd6 22. Rxd7 Bxg3 23. hxg3 Qc6 24. Rxa7 Qc2 25. Qe3 Qxa2 26. b4 Qb3 27. Nb6 Rc6 28. Nd7 Rfc8 29. Ne5 Rc2 30. Rxf7 Qxb4 31. d4 R2c3 32. Qg5 Qxd4 33. Qxg7# 1-0

[Event "Ruhrgebiet-ch Seniors 10th"]
[Site "Essen"]
[Date "2003.03.31"]
[Round "4"]
[White "Mader, Josef"]
[Black "Stieglitz, Gotthard"]
[Result "1-0"]
[WhiteElo "1662"]
[BlackElo "1374"]
[PlyCount "43"]
[EventDate "2003.04.??"]
[EventType "swiss"]
[EventRounds "9"]
[EventCountry "GER"]
[SourceTitle "EXT 2006"]
[Source "ChessBase"]
[SourceDate "2005.11.24"]
[SourceVersion "1"]
[SourceVersionDate "2005.11.24"]
[SourceQuality "1"]

1. d4 e6 2. c4 c5 3. Nf3 h6 4. Nc3 Nf6 5. e4 cxd4 6. Nxd4 Bb4 7. Bd3 b6 8. 0-0 Bb7 9. e5 Bxc3 10. bxc3 Ne4 11. Qg4 Ng5 12. h4 Nh7 13. Qxg7 Ke7 14. Ba3+ d6 15. Bxd6+ Kd7 16. Qxf7+ Kc8 17. Bxh7 Nd7 18. Nxe6 Qe8 19. Qxe8+ Rxe8 20. Nc7 Rxe5 21. Bxe5 Nxe5 22. Nxa8 1-0